[Event "Mechanics' Spring TNM; G/2"]
[Site "San Francisco"]
[Date "2015.04.28"]
[Round "7.37"]
[White "Brown, Nicholas"]
[Black "Paquette, James"]
[Result "1/2-1/2"]
[WhiteElo "1484"]
[BlackElo "1381"]
[PlyCount "53"]
[EventDate "2015.??.??"]

1. d4 g6 2. e4 Bg7 3. Nf3 c5 4. c3 Qa5 5. Be2 Nc6 6. O-O d6 7. Be3 Nf6 8. Nbd2
O-O 9. d5 Nd8 10. c4 Nh5 11. Nb3 Qc7 12. Rb1 f5 13. Bd3 fxe4 14. Bxe4 Nf6 15.
Bd3 Nf7 16. Qc2 Bg4 17. Nbd2 Rae8 18. Bg5 Nxg5 19. Nxg5 e5 20. dxe6 Bh6 21. Nf7
Bxd2 22. Qxd2 Bxe6 23. Ng5 Bc8 24. Qc2 Qg7 25. Nf3 Ng4 26. Be4 Bf5 27. Bxf5
1/2-1/2

[Event "Mechanics' Leighton Allen TNM; G/2"]
[Site "San Francisco"]
[Date "2015.09.01"]
[Round "5.27"]
[White "Brown, Nicholas M"]
[Black "Campers Jr, Willie"]
[Result "1/2-1/2"]
[WhiteElo "1451"]
[BlackElo "1760"]
[PlyCount "70"]
[EventDate "2015.??.??"]

1. d4 d5 2. c4 e6 3. Nc3 c6 4. Nf3 Nf6 5. Bg5 Nbd7 6. e3 Qa5 7. Bf4 Ne4 8. Qc2
Bb4 9. Nd2 Nxc3 10. bxc3 Bxc3 11. Rd1 Nf6 12. Bd3 b5 13. cxb5 cxb5 14. O-O b4
15. Be5 Nh5 16. Bxh7 Bd7 17. Nb3 Qb6 18. Bd3 Rc8 19. Qe2 Ba4 20. Rc1 Bxb3 21.
axb3 Kf8 22. Qf3 Kg8 23. g4 f6 24. Bg6 Rf8 25. gxh5 fxe5 26. Qd1 exd4 27. exd4
Bxd4 28. Qe2 Qd6 29. Rce1 e5 30. Rc1 Bb6 31. Qg4 Bc7 32. Rxc7 Qxc7 33. Qe6+ Rf7
34. Qe8+ Rf8 35. Qe6+ Rf7 1/2-1/2

[Event "Mechanics' Summer TNM; G/2"]
[Site "San Francisco"]
[Date "2015.06.23"]
[Round "5.31"]
[White "Brown, Nicholas M"]
[Black "Furukawa, Jon"]
[Result "1/2-1/2"]
[WhiteElo "1446"]
[BlackElo "1603"]
[PlyCount "77"]
[EventDate "2015.??.??"]

1. d4 d5 2. c4 e6 3. Nc3 Nf6 4. Bg5 c6 5. Nf3 Be7 6. e3 Nbd7 7. Bd3 dxc4 8.
Bxc4 Nd5 9. Bxe7 Qxe7 10. O-O O-O 11. a3 Nxc3 12. bxc3 e5 13. e4 exd4 14. Qxd4
Nf6 15. Rfe1 Be6 16. Bxe6 Qxe6 17. Qd3 Rad8 18. Qc2 h6 19. Rab1 b6 20. e5 Nd7
21. Nd4 Qd5 22. e6 fxe6 23. Nxe6 Ne5 24. Nxd8 Nd3 25. Rf1 Nf4 26. Qb3 Qxb3 27.
Rxb3 Ne2+ 28. Kh1 Rxd8 29. h3 Rf8 30. Kh2 Nf4 31. c4 Ne6 32. Re3 Nc5 33. f3 Rf4
34. Rc1 Rd4 35. Re7 a6 36. Rc7 Rd6 37. Re1 Ne6 38. Re7 Nd4 39. R7e4 1/2-1/2

[Event "Mechanics' Leighton Allen TNM; G/2"]
[Site "San Francisco"]
[Date "2015.08.04"]
[Round "1.16"]
[White "Brown, Nicholas M"]
[Black "Grey, Peter G"]
[Result "0-1"]
[WhiteElo "1451"]
[BlackElo "2000"]
[PlyCount "72"]
[EventDate "2015.??.??"]

1. d4 Nf6 2. c4 g6 3. Nc3 d5 4. cxd5 Nxd5 5. Bd2 Nb6 6. Nf3 Bg7 7. e3 O-O 8.
Bd3 Nc6 9. Qe2 e5 10. dxe5 Nxe5 11. Nxe5 Bxe5 12. Ne4 Bxb2 13. Rb1 Bg7 14. O-O
Bf5 15. Nc5 Bxd3 16. Nxd3 Qd5 17. Bb4 Rfb8 18. Rfd1 a5 19. Nf4 Qc4 20. Qxc4
Nxc4 21. Bc5 b6 22. Bd4 Rd8 23. Bxg7 Kxg7 24. Rxd8 Rxd8 25. Rc1 b5 26. g3 Rd2
27. a4 c6 28. axb5 cxb5 29. Kf1 a4 30. Ne2 Rb2 31. Nd4 Nd2+ 32. Ke1 Nb3 33.
Nxb3 Rxb3 34. Rc2 Rb1+ 35. Kd2 b4 36. Rc4 a3 0-1

[Event "Mechanics' Fall TNM; G/2"]
[Site "San Francisco"]
[Date "2015.10.27"]
[Round "2.29"]
[White "Brown, Nicholas M"]
[Black "Hack, Richard"]
[Result "1-0"]
[WhiteElo "1451"]
[BlackElo "1670"]
[PlyCount "101"]
[EventDate "2015.??.??"]

1. d4 f5 2. c4 Nf6 3. Nc3 d6 4. g3 g6 5. Bg2 Bg7 6. Nf3 O-O 7. O-O Qe8 8. Re1
Qf7 9. d5 h6 10. e4 fxe4 11. Nxe4 Nxe4 12. Rxe4 Bf5 13. Re2 Bg4 14. Re3 Na6 15.
Qe2 Rae8 16. h3 Bd7 17. a3 Nc5 18. Ra2 e5 19. b4 Na4 20. Bd2 Qf5 21. Qe1 Nb6
22. Nh4 Qh5 23. Bf3 Rxf3 24. Rxf3 Bxh3 25. Qe4 Bg4 26. Rc3 g5 27. Nf3 Rf8 28.
Nh2 Bf5 29. Qe1 e4 30. Rc1 Nd7 31. Qd1 Qf7 32. Bc3 Bh3 33. Bxg7 Qxg7 34. Qe1
Qg6 35. Qe3 b6 36. g4 Ne5 37. Qxh3 Nf3+ 38. Nxf3 Rxf3 39. Qh5 Qf6 40. Qe8+ Kg7
41. Qd7+ Kf8 42. Re1 Qf4 43. Qf5+ Qxf5 44. gxf5 Rxf5 45. Rxe4 h5 46. Rae2 Rf3
47. Re8+ Kg7 48. R2e6 Rxa3 49. R8e7+ Kf8 50. Rxc7 a5 51. Rh6 1-0

[Event "Mechanics' Fall TNM; G/2"]
[Site "San Francisco"]
[Date "2015.11.10"]
[Round "4.31"]
[White "Brown, Nicholas M"]
[Black "Kuczek, Kevin W"]
[Result "0-1"]
[WhiteElo "1451"]
[BlackElo "1611"]
[PlyCount "100"]
[EventDate "2015.??.??"]

1. d4 Nf6 2. c4 e6 3. Nc3 Bb4 4. Qc2 d5 5. e3 O-O 6. Nf3 c5 7. cxd5 cxd4 8.
Nxd4 Nxd5 9. Bd3 h6 10. O-O Bxc3 11. bxc3 e5 12. Nf3 Nc6 13. Rd1 Qa5 14. Bd2
Nf6 15. c4 Qc7 16. Bc3 Bg4 17. Be2 Rad8 18. Ne1 Bxe2 19. Qxe2 Ne4 20. Qc2 Nxc3
21. Qxc3 Na5 22. Rdc1 Rc8 23. Nf3 Nxc4 24. Nd2 b5 25. Rab1 Qd7 26. Nxc4 bxc4
27. Qxe5 Rc7 28. Qb5 Qxb5 29. Rxb5 Rd8 30. Rb4 Rdc8 31. g3 Kf8 32. Kg2 Ke7 33.
Kf3 Ke6 34. Ke4 f5+ 35. Kf3 Ke5 36. Rb5+ Rc5 37. Rxc4 Rxb5 38. Rxc8 Ra5 39. Rc2
Ra4 40. Rd2 g5 41. Ke2 g4 42. Rb2 Ke4 43. Rd2 Rb4 44. a3 Ra4 45. Rd4+ Rxd4 46.
exd4 Kxd4 47. f4 Kc3 48. Ke3 Kc4 49. a4 a5 50. Ke2 Kb4 0-1

[Event "Mechanics' Leighton Allen TNM; G/2"]
[Site "San Francisco"]
[Date "2015.09.15"]
[Round "7.32"]
[White "Brown, Nicholas M"]
[Black "Mathrubootham, Ganesh"]
[Result "1-0"]
[WhiteElo "1451"]
[BlackElo "1346"]
[PlyCount "85"]
[EventDate "2015.??.??"]

1. d4 d5 2. c4 Nc6 3. cxd5 Qxd5 4. Nf3 e6 5. e3 Bd7 6. Be2 Nf6 7. Nc3 Bb4 8.
O-O Bxc3 9. bxc3 O-O 10. c4 Qd6 11. a4 a5 12. Ba3 Nb4 13. Rb1 Qc6 14. Bxb4 axb4
15. Rxb4 Rxa4 16. Ne5 Qa6 17. Rxb7 Qxb7 18. Nxd7 Rfa8 19. Nc5 Qb4 20. Nxa4 Rxa4
21. Qb1 Qxb1 22. Rxb1 h6 23. g3 Ne4 24. Rb8+ Kh7 25. Bd3 f5 26. Bxe4 fxe4 27.
c5 Kg6 28. Rb7 Kf5 29. Rxc7 g5 30. Kg2 h5 31. h3 Kf6 32. Rb7 Rc4 33. Rb6 Ke7
34. c6 Kd6 35. c7+ Kd7 36. Rb5 h4 37. Rxg5 hxg3 38. Rc5 Rxc5 39. dxc5 gxf2 40.
Kxf2 Kxc7 41. Kg3 e5 42. h4 Kd7 43. h5 1-0

[Event "Mechanics' Summer TNM; G/2"]
[Site "San Francisco"]
[Date "2015.05.26"]
[Round "1.25"]
[White "Brown, Nicholas M"]
[Black "Newey, Richard H"]
[Result "0-1"]
[WhiteElo "1446"]
[BlackElo "1795"]
[PlyCount "72"]
[EventDate "2015.??.??"]

1. d4 Nf6 2. c4 g6 3. Nc3 d5 4. cxd5 Nxd5 5. e4 Nxc3 6. bxc3 Bg7 7. Nf3 O-O 8.
Bb2 a5 9. Be2 Na6 10. O-O c6 11. Rb1 Nc7 12. a4 b5 13. Ba3 Ba6 14. axb5 cxb5
15. Bc5 Rb8 16. Qd2 Ne6 17. Ba3 Qc7 18. Rfc1 Rb6 19. e5 Rd8 20. Rc2 Rc8 21. d5
Nc5 22. Bxc5 Qxc5 23. Rcb2 Qxc3 24. Qxc3 Rxc3 25. h3 b4 26. Bxa6 Rxa6 27. Rb3
Rxb3 28. Rxb3 Rb6 29. Nd2 a4 30. Re3 Bh6 31. Rd3 Bxd2 32. Rxd2 Kf8 33. d6 exd6
34. exd6 Ke8 35. d7+ Kd8 36. Kf1 b3 0-1

[Event "Mechanics' Summer TNM; G/2"]
[Site "San Francisco"]
[Date "2015.06.09"]
[Round "3.25"]
[White "Brown, Nicholas M"]
[Black "Nyangar, Enkhmaa"]
[Result "0-1"]
[WhiteElo "1446"]
[BlackElo "1708"]
[PlyCount "62"]
[EventDate "2015.??.??"]

1. d4 d5 2. c4 Nf6 3. cxd5 Nxd5 4. e4 (4. Nf3) 4... Nf6 5. Nc3 Nc6 (5... e5 $1)
6. Nf3 Bg4 7. Be3 e6 8. a3 Bxf3 9. gxf3 a6 10. Qd2 Qd7 11. O-O-O b5 12. Na2 Rb8
13. b4 a5 14. Kb1 axb4 15. axb4 Qc8 16. Rc1 Qa6 17. Rc2 Ra8 18. Qc3 Nxb4 19.
Nxb4 Bxb4 20. Qc6+ Qxc6 21. Rxc6 O-O 22. Be2 Ra5 23. Rhc1 Rfa8 24. Rxc7 Bf8 25.
Rc8 Ra1+ 26. Kb2 R8a2+ 27. Kb3 Rxc1 28. Bxc1 Rxe2 29. Ba3 Nd7 30. Rd8 Rxf2 31.
Rxd7 Rxf3+ 0-1

[Event "Mechanics' Leighton Allen TNM; G/2"]
[Site "San Francisco"]
[Date "2015.08.18"]
[Round "3.33"]
[White "Brown, Nicholas M"]
[Black "Olson, David R"]
[Result "1-0"]
[WhiteElo "1451"]
[BlackElo "1400"]
[PlyCount "41"]
[EventDate "2015.??.??"]

1. d4 g6 2. c4 Nf6 3. Nc3 Bg7 4. e4 O-O 5. e5 Ne8 6. Nf3 Nc6 7. Be2 f5 8. O-O
b6 9. Bf4 Bb7 10. Qd2 e6 11. d5 Ne7 12. Bg5 Rf7 13. d6 cxd6 14. exd6 Rc8 15.
Bxe7 Rxe7 16. dxe7 Qxe7 17. Rad1 Rd8 18. b3 Qb4 19. Nb5 Qc5 20. Nbd4 Nf6 21.
Nxe6 1-0

[Event "Mechanics' Fall TNM; G/2"]
[Site "San Francisco"]
[Date "2015.12.15"]
[Round "9.25"]
[White "Brown, Nicholas M"]
[Black "Yamamoto, Shu"]
[Result "0-1"]
[WhiteElo "1451"]
[BlackElo "1571"]
[Annotator "Donaldson"]
[PlyCount "62"]
[EventDate "2015.??.??"]

1. d4 d5 2. c4 e6 3. Nc3 Nf6 4. cxd5 exd5 5. e3 (5. Bg5) 5... c6 6. Nf3 Bf5 7.
Be2 (7. Bd3) 7... h6 8. O-O Bd6 9. Re1 O-O 10. Bd3 Bxd3 11. Qxd3 Re8 12. Bd2
Ne4 13. Re2 Nd7 14. Rae1 Ndf6 15. h3 Qc7 16. Bc1 Re6 17. Nd2 Rae8 18. f4 Ng3
19. Rf2 Nfe4 20. Ndxe4 Nxe4 21. Nxe4 Rxe4 22. Rfe2 Qa5 23. b3 {Diagram #} Qd8 (
23... Bxf4 $1 24. exf4 (24. Bd2 Qb5 $17) 24... Qxe1+ 25. Rxe1 Rxe1+ 26. Kf2
Rxc1 $19) 24. Rf1 c5 25. Rf3 $2 (25. Bb2) 25... cxd4 26. Bb2 Bc5 27. a3 Rxe3
28. Rfxe3 Rxe3 29. Rxe3 dxe3 30. Qc3 e2+ 31. Kh2 d4 0-1

[Event "Mechanics' Winter TNM; 30/90, SD/30"]
[Site "San Francisco"]
[Date "2015.02.24"]
[Round "8.4"]
[White "Byambaa, Uyanga"]
[Black "Askin, Michael"]
[Result "1-0"]
[WhiteElo "2242"]
[BlackElo "2103"]
[Annotator "Donaldson"]
[PlyCount "73"]
[EventDate "2015.??.??"]

1. e4 c6 2. d4 d5 3. e5 Bf5 4. Nf3 e6 5. Be2 Nd7 6. O-O c5 7. Be3 Ne7 8. c4
dxc4 9. Bxc4 Nc6 10. d5 Ncxe5 11. Nxe5 Nxe5 12. Qa4+ Nd7 13. Nc3 a6 14. dxe6
fxe6 15. Qb3 Qb6 16. Qa4 O-O-O 17. a3 Ne5 18. b4 Nxc4 19. bxc5 Qc6 20. Qxc4 Bd3
21. Qg4 Bxf1 22. Rxf1 Be7 (22... Bxc5) 23. Rb1 h5 24. Qc4 Bf6 25. Ne4 Qd5 26.
Qa4 Qd3 27. Rf1 Qd7 $2 {Diagram [#]} (27... Qb5 28. Qxb5 axb5 29. Nd6+ Rxd6 30.
cxd6 Kd7 31. Rb1 Ra8 32. Rxb5 Rxa3 33. Rxb7+ Kxd6 $11) (27... Kb8) 28. c6 $1
Qd5 29. cxb7+ Qxb7 30. Nc5 Qb5 31. Qe4 Rd6 32. Rc1 Qc6 33. Bf4 $2 (33. Qb1 $1)
33... Rd5 (33... Bb2 $1) 34. Nd3 Bc3 35. Be5 Qb5 36. Rxc3+ Kd7 37. Rc7+ 1-0

[Event "Mechanics' Fall TNM; G/2"]
[Site "San Francisco"]
[Date "2015.12.08"]
[Round "8.7"]
[White "Byambaa, Uyanga"]
[Black "Gaffagan, Steven"]
[Result "1-0"]
[WhiteElo "2204"]
[BlackElo "2066"]
[Annotator "Donaldson"]
[PlyCount "71"]
[EventDate "2015.??.??"]

1. e4 e5 2. Nf3 Nc6 3. d4 exd4 4. Nxd4 Bb4+ 5. c3 Bc5 6. Be3 Bb6 7. Bc4 Nf6 8.
Nxc6 bxc6 9. e5 Bxe3 (9... Nd5 10. Bxd5 cxd5 11. Qxd5 Ba6) 10. exf6 Qxf6 $2 (
10... Bb6 11. fxg7 Qe7+ 12. Qe2 Qxe2+ 13. Bxe2 Rg8) 11. Qe2 O-O 12. fxe3 d5 13.
Bd3 Rb8 14. b3 Re8 15. Kd2 Qd6 16. Rf1 Be6 17. Qh5 g6 18. Qh4 c5 19. Qf4 Qb6
20. h4 c4 21. Bc2 Re7 22. Qf6 Rbe8 23. h5 Bg4 24. Qxb6 axb6 25. hxg6 hxg6 26.
Re1 b5 27. b4 c5 28. bxc5 Rc8 29. Bd1 Bf5 30. Na3 Rxc5 31. Nc2 Bxc2 32. Bxc2
Re5 33. Ke2 Rg5 34. Kf2 f5 35. Bd1 Kg7 36. Bf3 1-0

[Event "Mechanics' Leighton Allen TNM; G/2"]
[Site "San Francisco"]
[Date "2015.08.25"]
[Round "4.4"]
[White "Byambaa, Uyanga"]
[Black "Gaffagan, Steven"]
[Result "1-0"]
[WhiteElo "2195"]
[BlackElo "2113"]
[Annotator "Donaldson"]
[PlyCount "68"]
[EventDate "2015.??.??"]

1. e4 e5 2. Nf3 Nc6 3. Bc4 Bc5 4. b4 Bb6 5. a4 a6 6. c3 Nf6 7. d3 d6 8. O-O Qe7
9. Be3 Bg4 10. Nbd2 O-O 11. h3 Bh5 12. Qe1 Rad8 13. Bxb6 cxb6 14. Nh4 d5 15.
Nf5 Qc7 16. Bb3 Bg6 17. Nh4 Ne7 18. Nxg6 Nxg6 19. Rc1 Nf4 20. Qe3 dxe4 21. d4
Rfe8 22. g3 Nxh3+ 23. Kg2 Qd7 24. Nxe4 Nxe4 25. Qxe4 exd4 (25... Ng5 $1) 26.
Qh4 Qc6+ 27. Kxh3 Rd6 28. cxd4 Qd7+ 29. Kg2 Rh6 30. Bxf7+ Kxf7 31. Qf4+ Rf6 $4
(31... Kg8 $17) 32. Rc7 Rxf4 33. Rxd7+ Ke6 34. Rxb7 Re4 1-0

[Event "Mechanics' Spring TNM; G/2"]
[Site "San Francisco"]
[Date "2015.05.05"]
[Round "8.6"]
[White "Byambaa, Uyanga"]
[Black "Grey, Peter"]
[Result "1-0"]
[WhiteElo "2168"]
[BlackElo "2000"]
[PlyCount "23"]
[EventDate "2015.??.??"]

1. e4 c5 2. Nf3 e6 3. d4 cxd4 4. Nxd4 Nf6 5. Bd3 Nc6 6. c3 e5 7. Ne2 d5 8. exd5
Qxd5 9. O-O Be7 10. Bg5 O-O $4 {Diagram #} (10... Be6) 11. Bxf6 Bxf6 12. Bxh7+
1-0

[Event "Mechanics' Spring TNM; G/2"]
[Site "San Francisco"]
[Date "2015.03.24"]
[Round "2.7"]
[White "Byambaa, Uyanga"]
[Black "Hakobyan, Sos"]
[Result "1-0"]
[WhiteElo "2168"]
[BlackElo "1885"]
[PlyCount "93"]
[EventDate "2015.??.??"]

1. e4 e6 2. d4 d5 3. Nc3 Bb4 4. e5 c5 5. a3 Bxc3+ 6. bxc3 Ne7 7. Qg4 Qc7 8.
Qxg7 Rg8 9. Qxh7 cxd4 10. Ne2 Nbc6 11. f4 Bd7 12. Qd3 dxc3 13. Rb1 O-O-O 14. g3
Kb8 15. Bg2 Na5 16. O-O Nf5 17. Qxc3 Qxc3 18. Nxc3 Rc8 19. Nd1 Rxc2 20. Rf2 Ba4
21. Bh3 Rgc8 22. Bd2 Nc4 23. Bb4 a5 24. Bxf5 Rxf2 25. Nxf2 axb4 26. Rxb4 b5 27.
Bd3 Nxa3 28. h4 Nc2 29. Rb2 Na3 30. h5 Ka7 31. Nh3 Bd1 32. h6 Kb6 33. Ng5 Bh5
34. g4 Bxg4 35. Nxf7 Bf5 36. Bxf5 exf5 37. h7 Nc4 38. Rg2 Ne3 39. Rg8 Rc1+ 40.
Kf2 Rh1 41. h8=Q Rxh8 42. Rxh8 Ng4+ 43. Ke2 Kc5 44. e6 b4 45. Rb8 d4 46. Ne5
Nf6 47. Nd7+ 1-0

[Event "Mechanics' Spring TNM; G/2"]
[Site "San Francisco"]
[Date "2015.04.21"]
[Round "6.4"]
[White "Byambaa, Uyanga"]
[Black "Khristoforov, Sergey"]
[Result "0-1"]
[WhiteElo "2168"]
[BlackElo "1977"]
[PlyCount "82"]
[EventDate "2015.??.??"]

1. e4 c6 2. d4 d5 3. e5 Bf5 4. Nf3 e6 5. Be2 c5 6. Be3 Nc6 7. O-O Qb6 8. Nc3
cxd4 9. Nxd4 Qxb2 10. Nxd5 exd5 11. Nxf5 Qxe5 12. Nd4 Nf6 13. Rb1 Bd6 14. Nf3
Qe7 15. Bg5 O-O 16. Re1 Bb4 17. Rf1 Rfe8 18. Bb5 Qc5 19. Bxc6 bxc6 20. Bxf6
gxf6 21. Nh4 Re4 22. Nf5 Rf4 23. Qh5 Qxc2 24. Nh6+ Kg7 25. Rb3 Bc3 26. g3 Rb4
27. Rxb4 Bxb4 28. Qxf7+ Kxh6 29. Qxf6+ Qg6 30. Qh4+ Kg7 31. Qxb4 Qf7 32. Rb1
Rf8 33. Qd4+ Kg8 34. f4 Re8 35. Kf2 Qh5 36. Kg1 Re2 37. Rb8+ Re8 38. Rxe8+ Qxe8
39. Qxa7 Qe1+ 40. Kg2 Qe4+ 41. Kh3 Qe6+ {(...)} 0-1

[Event "Mechanics' Fall TNM; G/2"]
[Site "San Francisco"]
[Date "2015.10.27"]
[Round "2.3"]
[White "Byambaa, Uyanga"]
[Black "Krasnov, Steven"]
[Result "1/2-1/2"]
[WhiteElo "2204"]
[BlackElo "1921"]
[Annotator "Donaldson"]
[PlyCount "82"]
[EventDate "2015.??.??"]

1. e4 c5 2. Nf3 e6 3. d4 cxd4 4. Nxd4 a6 5. Nc3 Qc7 6. Bd3 Bc5 7. Nb3 Be7 8.
O-O Nf6 9. Be3 d6 10. f4 Nbd7 11. a4 b6 12. h3 h5 13. Qe1 Bb7 14. Nd4 Nc5 15.
Bf2 Rc8 16. Qe2 Kf8 17. e5 Nfd7 18. Rae1 Kg8 19. Bc4 Nf8 20. Ba2 Rh6 21. exd6
Bxd6 22. f5 exf5 23. Nxf5 Rg6 24. Nd5 Bxd5 25. Bxd5 Nce6 26. Be3 Bc5 27. Qxh5
Bxe3+ 28. Rxe3 Re8 29. Rc3 Qa7 30. Nd6 b5+ 31. Kh1 Rg5 32. Qxf7+ Qxf7 33. Nxf7
Rxd5 34. Rc6 Re7 35. Nd6 Rd7 36. Ne4 bxa4 37. Rxa6 Rd4 38. Re1 Rb7 39. c3 Rd5
40. Re2 Nf4 41. Rf2 Nd3 {
Black is much better and should have continued to play.} 1/2-1/2

[Event "Mechanics' Fall TNM; G/2"]
[Site "San Francisco"]
[Date "2015.12.01"]
[Round "7.12"]
[White "Byambaa, Uyanga"]
[Black "Marcus, Joel"]
[Result "1-0"]
[WhiteElo "2204"]
[BlackElo "1904"]
[PlyCount "47"]
[EventDate "2015.??.??"]

1. e4 e5 2. Nf3 Nf6 3. Nxe5 d6 4. Nf3 Nxe4 5. d4 d5 6. Bd3 Nc6 7. O-O Be7 8.
Re1 Bg4 9. c3 f5 10. Nbd2 O-O 11. Nf1 Bh4 12. g3 Be7 13. Ne3 Bh3 14. Ng2 g5 15.
Be2 Bd6 16. Qb3 Rf7 17. Qxb7 Na5 18. Qa6 c5 19. Nxg5 cxd4 20. Nxf7 Kxf7 21.
cxd4 Bb4 22. Rd1 Rc8 23. Nf4 Nc4 24. Nxd5 1-0

[Event "Mechanics' Leighton Allen TNM; G/2"]
[Site "San Francisco"]
[Date "2015.08.10"]
[Round "2.15"]
[White "Byambaa, Uyanga"]
[Black "Melville, Cailen J"]
[Result "1-0"]
[WhiteElo "2195"]
[BlackElo "1809"]
[PlyCount "52"]
[EventDate "2015.??.??"]

1. e4 e6 2. d4 d5 3. Nc3 dxe4 4. Nxe4 b6 5. Nf3 Bb7 6. Bb5+ c6 7. Bd3 Nd7 8.
O-O Ngf6 9. Bg5 Be7 10. Bxf6 gxf6 11. Qd2 f5 12. Ng3 h5 13. b3 c5 14. Qe3 Nf6
15. Rfe1 h4 16. Ne2 Nd5 17. Qd2 a6 18. dxc5 bxc5 19. Rad1 Rg8 20. Qh6 Qc7 21.
c4 Nb4 22. Qe3 O-O-O 23. Bb1 Bd6 24. a3 Nc6 25. Kf1 Ne5 26. Nxh4 Qe7 {
Black's position is promising, but White went on to win. Remaining moves
unavailable.} 1-0

[Event "Mechanics' Winter TNM; 30/90, SD/30"]
[Site "San Francisco"]
[Date "2015.01.13"]
[Round "2.4"]
[White "Byambaa, Uyanga"]
[Black "Sarafian, Greg"]
[Result "1-0"]
[WhiteElo "2242"]
[BlackElo "1894"]
[PlyCount "53"]
[EventDate "2015.??.??"]

1. e4 e5 2. Nf3 Nc6 3. Bc4 Nf6 4. d3 Bc5 5. O-O d6 6. c3 a6 7. Bb3 Ba7 8. h3
Be6 9. Bxe6 fxe6 10. Qb3 Qd7 11. Qxb7 O-O 12. Qb3 d5 13. Nbd2 Nh5 14. Qc2 Nf4
15. Kh2 Rf6 16. Ng1 Raf8 17. Ndf3 g5 18. Bxf4 gxf4 19. Rae1 Re8 20. Qe2 a5 21.
Nh4 Kh8 22. Qh5 Qf7 23. Qxf7 Rxf7 24. Ngf3 a4 25. Ng5 Rg7 26. Nxe6 Rd7 27. exd5
1-0

[Event "Mechanics' Fall TNM; G/2"]
[Site "San Francisco"]
[Date "2015.11.17"]
[Round "5.2"]
[White "Byambaa, Uyanga"]
[Black "Stearman, Josiah P"]
[Result "0-1"]
[WhiteElo "2204"]
[BlackElo "2137"]
[Annotator "Donaldson"]
[PlyCount "78"]
[EventDate "2015.??.??"]

1. e4 c5 2. Nf3 Nc6 3. d4 cxd4 4. Nxd4 g6 5. Nc3 Bg7 6. Be3 Nf6 7. Bc4 O-O 8.
Bb3 d6 9. f3 Bd7 10. h4 h5 11. Qd2 Rc8 12. O-O-O Ne5 13. Bg5 Rc5 14. Kb1 b5 15.
g4 hxg4 16. h5 Nxh5 17. Nd5 Re8 18. Rxh5 gxh5 19. Qh2 gxf3 20. Qxh5 Bg4 21. Qh4
Rxd5 22. Bxd5 Qb6 23. Bh6 (23. Nf5 $1) 23... Bf6 24. Qg3 f2 {Diagram [#]} 25.
Nf3 $2 (25. Nc6 $1) 25... Kh7 26. Rh1 Bxf3 27. Be3+ Bxh1 28. Qh3+ Kg7 29. Bxb6
axb6 30. Qxh1 Rh8 31. Qg2+ Kf8 32. a4 Ng4 33. Ka2 Rh2 34. Qf3 Ne3 35. Qf4 f1=Q
36. Qxh2 Nxd5 37. exd5 Qc4+ 38. Kb1 Qxd5 39. axb5 Qxb5 0-1

[Event "Mechanics' Leighton Allen TNM; G/2"]
[Site "San Francisco"]
[Date "2015.09.15"]
[Round "7.1"]
[White "Byambaa, Uyanga"]
[Black "Stearman, Josiah P"]
[Result "1-0"]
[WhiteElo "2195"]
[BlackElo "2137"]
[PlyCount "63"]
[EventDate "2015.??.??"]

1. e4 c5 2. Nf3 Nc6 3. d4 cxd4 4. Nxd4 g6 5. Nc3 Bg7 6. Be3 Nf6 7. Bc4 O-O 8.
Bb3 d6 9. f3 Bd7 10. h4 h5 11. Qd2 Rc8 12. O-O-O Ne5 13. Kb1 Nc4 14. Bxc4 Rxc4
15. Nde2 Qc7 16. g4 Be6 17. gxh5 Nxh5 18. Bh6 Rc8 19. Bxg7 Kxg7 20. Rhg1 b5 21.
Nxb5 Qb6 22. Nbd4 Bd7 23. c3 R8c5 24. Rg5 Qa6 25. Rdg1 Ra4 26. a3 Qb6 27. Nf5+
Bxf5 28. exf5 Rxh4 29. fxg6 f6 30. Rxc5 Qxc5 31. Nd4 Qc8 32. Qe1 1-0

[Event "Mechanics' Leighton Allen TNM; G/2"]
[Site "San Francisco"]
[Date "2015.09.22"]
[Round "8.1"]
[White "Byambaa, Uyanga"]
[Black "Tsodikova, Natalya"]
[Result "0-1"]
[WhiteElo "2195"]
[BlackElo "2164"]
[Annotator "Donaldson"]
[PlyCount "74"]
[EventDate "2015.??.??"]

1. e4 e5 2. Nf3 Nc6 3. Bc4 Bc5 4. b4 Bb6 5. a4 a6 6. c3 Nf6 7. d3 O-O 8. Bg5 h6
9. Bh4 d6 10. Nbd2 Be6 11. O-O g5 12. Nxg5 hxg5 13. Bxg5 Kg7 14. Kh1 (14. Qf3)
14... Rh8 15. Bxe6 fxe6 16. f4 $2 {Diagram [#]} Be3 $2 (16... Rxh2+ $3 17. Kxh2
Qh8+ 18. Kg3 exf4+ 19. Rxf4 (19. Bxf4 Nh5+ 20. Kf3 Nxf4) 19... Nh5+ 20. Kg4
Ne5+) 17. g3 exf4 18. gxf4 Qe8 19. Nc4 Ba7 20. e5 Nd5 21. Qg4 Qg6 22. exd6 cxd6
23. Rae1 Rae8 24. Rf3 Rh5 25. Nxd6 Reh8 26. Re2 Ne3 27. Qg1 e5 $2 28. Rfxe3 $2
(28. Bf6+ $1 Kxf6 (28... Kh7 29. Qxg6+ Kxg6 30. Bxh8) 29. fxe5+ Kg7 30. Rf7+
Kh6 31. Rf6) 28... Bxe3 29. Qxe3 Qxd6 30. fxe5 Qd5+ 31. Kg1 Rh3 32. Qf4 Rf3 33.
Qg4 Qxd3 (33... Rg8) 34. Be3+ (34. Bf6+ $1 Kf7 35. Qg7+ Ke6 36. Qg4+ Kf7 $11 (
36... Qf5 37. Qxf5+ Rxf5 38. Bxh8)) 34... Qg6 35. Bg5 Rhf8 $19 36. b5 Qb1+ (
36... Kh7 37. Qh4+ Kg8 38. Qc4+ R8f7) 37. Bc1+ Qg6 0-1

[Event "Mechanics' Winter TNM; 30/90, SD/30"]
[Site "San Francisco"]
[Date "2015.02.03"]
[Round "5.2"]
[White "Byambaa, Uyanga"]
[Black "Walder, Michael"]
[Result "1-0"]
[WhiteElo "2242"]
[BlackElo "2154"]
[PlyCount "85"]
[EventDate "2015.??.??"]

1. e4 d6 2. d4 Nf6 3. Nc3 g6 4. f4 Bg7 5. Nf3 c5 6. Bb5+ Bd7 7. e5 Ng4 8. e6
fxe6 9. Ng5 Bxb5 10. Qxg4 Bc4 11. dxc5 Qa5 12. Bd2 h5 13. Qh3 Qxc5 14. Nxe6
Bxe6 15. Qxe6 Qf5 16. Qb3 Qd7 17. O-O-O Nc6 18. Rhe1 Rc8 19. Nb5 a6 20. Bc3 Kf8
21. Nd4 Nxd4 22. Bxd4 Bxd4 23. Rxd4 Rh7 24. Re6 Rg7 25. Rde4 Rc6 26. Rd4 d5 27.
Re5 e6 28. Qf3 Qc8 29. Rd2 Rgc7 30. Ree2 Kf7 31. f5 exf5 32. Qxd5+ Kg7 33. Qd4+
Kh7 34. Qh4 Kg7 35. c3 Qf8 36. Rd8 Qf6 37. Qxf6+ Kxf6 38. Rde8 Rd6 39. Kc2 b5
40. a3 f4 41. h3 g5 42. Rh8 Kg6 43. Re5 {
Both players quit keeping score. White won in mutual time pressure.} 1-0

[Event "Mechanics' Spring TNM; G/2"]
[Site "San Francisco"]
[Date "2015.04.07"]
[Round "4.2"]
[White "Byambaa, Uyanga"]
[Black "Wong, Russell"]
[Result "0-1"]
[WhiteElo "2168"]
[BlackElo "2215"]
[PlyCount "60"]
[EventDate "2015.??.??"]

1. e4 Nf6 2. e5 Nd5 3. d4 d6 4. Nf3 Bg4 5. Be2 e6 6. O-O Be7 7. c4 Nb6 8. Nc3
d5 9. c5 N6d7 10. b4 O-O 11. h3 Bf5 12. Bf4 f6 13. Re1 fxe5 14. Nxe5 Bxh3 15.
gxh3 Rxf4 16. Bg4 Nxe5 17. Rxe5 Bf6 18. Bxe6+ Kh8 19. Rf5 Rxd4 20. Qc2 Qe8 21.
Re1 Na6 22. Re3 Qg6+ 23. Rg3 Qh6 24. Bf7 Qd2 25. Qb1 Rxb4 26. Qa1 Rf4 27. Rxf4
Qxf4 28. Qb1 Bd4 29. Qxb7 Qxg3+ 30. Kh1 Qf3+ 0-1

[Event "Mechanics' Spring TNM; G/2"]
[Site "San Francisco"]
[Date "2015.03.31"]
[Round "3.12"]
[White "Campers, Willie"]
[Black "Andries, Craig"]
[Result "1-0"]
[WhiteElo "1727"]
[BlackElo "1935"]
[PlyCount "65"]
[EventDate "2015.??.??"]

1. e4 d6 2. d4 Nf6 3. Nc3 g6 4. f3 Bg7 5. Be3 c6 6. Qd2 Nbd7 7. Bh6 Bxh6 8.
Qxh6 Qb6 9. O-O-O Qa5 10. Bc4 b5 11. Bb3 Bb7 12. Nh3 b4 13. Ne2 e6 14. Ng5 Ng8
15. Qh4 h6 16. Nh3 g5 17. Qg3 Qc7 18. Nf2 O-O-O 19. Nd3 a5 20. h4 Nb6 21. c3 a4
22. Bc2 Ba6 23. hxg5 bxc3 24. Nxc3 a3 25. gxh6 axb2+ 26. Kb1 Nc4 27. Bb3 Qa5
28. Qe1 Rxh6 29. Rxh6 Nxh6 30. Nxb2 Na3+ 31. Ka1 Kc7 32. Nd5+ Qxd5 33. exd5 1-0